| 000 | 01272nam0a22003131 4500 | ||
|---|---|---|---|
| 001 | rc\4791190 | ||
| 005 | 20250613085107.0 | ||
| 021 |
_aRU _b[69-33560] |
||
| 035 | _a(NLR Aleph) 009035564 | ||
| 090 |
_a9517488 _c9517488 |
||
| 100 | _a20130417d1968 |||y0rusy50 ca | ||
| 101 | 0 | _arus | |
| 102 | _aRU | ||
| 105 | _aa z ||||| | ||
| 200 | 1 |
_aОперационные исследования открытых разработок _eУчеб. пособие _fМ-во высш. и сред. спец. образования СССР. Моск. горный ин-т |
|
| 210 |
_aМосква _cБ. и. _d1968 |
||
| 215 |
_a194 с., 3 л. черт. _cчерт. _d20 |
||
| 300 | _aПеред загл. авт.: В.В. Ржевский, С.С. Резниченко, В.В. Хронин, К.С. Попов | ||
| 320 | _aБиблиогр.: с. 192 (13 назв.) | ||
| 606 |
_aКарьеры _xУправление _xМатематические методы _2psbo |
||
| 701 | 1 |
_aХронин _bВ.В. |
|
| 701 | 1 |
_aПопов _bК.С. |
|
| 701 | 1 |
_aРезниченко _bС.С. |
|
| 701 | 1 |
_aРжевский _bВ.В. _gВладимир Васильевич |
|
| 801 | 0 |
_aRU _bNLR _gpsbo |
|
| 801 | 1 |
_aRU _bELAR _2rusmarc |
|
| 852 |
_aNLR _j69-3/3716 |
||
| 942 | _cBOOK | ||
| 980 | _aNB | ||